| 000 | 00613nam a2200205Ia 4500 | ||
|---|---|---|---|
| 003 | IN-BaIIA | ||
| 008 | 211028s9999 xx 000 0 eng d | ||
| 020 | _a978-1-4614-9235-1 | ||
| 040 | _cIIA Library | ||
| 080 |
_a531.5:524 _bKEE |
||
| 100 |
_aKeeton, Charles _936360 |
||
| 245 | 0 |
_aPrinciples of astrophysics _busing gravity and stellar physics to explore the cosmos _cCharles Keeton |
|
| 260 |
_aNew York _bSpringer _c2014 |
||
| 300 | _axxi, 434p. | ||
| 490 | _aUndergraduate lecture notes in physics | ||
| 650 |
_aAstronom _92958 |
||
| 650 |
_aAstrophysics _9794 |
||
| 650 |
_aPhysics _973 |
||
| 942 | _cBK | ||
| 999 |
_c19042 _d19042 |
||